MARC

LEADER 00000nam1a2200000 4500
001 291724
005 20231102000422.0
020 |a RU  |b 83-94241 
035 |a (RuTPU)RU\TPU\book\316307 
090 |a 291724 
100 |a 20150416d1983 k y0rusy5003 ca 
101 0 |a rus 
200 1 |a Обоснование направлений поисково-разведочных работ на нефть  |e сборник научных трудов  |f Академия наук СССР (АН СССР), Институт геологии и разработки горючих ископаемых (ИГиРГИ) ; науч. ред. В. Е. Орел 
210 |a Москва  |c Изд-во ИГИРГИ  |d 1983 
215 |a 168 с.  |c схем., 2 л. схем 
320 |a Библиогр. в конце ст. 
606 1 |a Нефтяные месторождения  |x Поиски и разведка  |2 stltpush  |3 (RuTPU)RU\TPU\subj\45959  |9 65148 
610 1 |a нефть 
610 1 |a поисково-разведочные работы 
610 1 |a обоснование 
610 1 |a комплексное прогнозирование 
610 1 |a глубокое бурение 
610 1 |a технико-экономические показатели 
610 1 |a учет 
610 1 |a запасы 
610 1 |a размещение 
610 1 |a нефтегазонакопление 
675 |a 553.982:550.8  |z rus  |v 3 
702 1 |a Орел  |b В. Е.  |g Владимир Емельянович  |4 340 
712 0 2 |a Академия наук СССР (АН СССР)  |b Институт геологии и разработки горючих ископаемых (ИГиРГИ)  |c (Москва)  |c (1958-????)  |2 stltpush  |3 (RuTPU)RU\TPU\col\13483 
801 0 |a RU  |b RuMRKP  |c 19950704  |g psbo 
801 1 |a RU  |b 63413507  |c 20150416 
801 2 |a RU  |b 63413507  |c 20190114  |g RCR 
942 |c BK